Statistics for Southernmost Countries A-Z

Click here to take the quiz!

General Stats

  • This quiz has been taken 101,160 times
    (101,080 since last reset)
  • The average score is 16 of 24

Answer Stats

LetterCountry% Correct
AArgentina
97%
CChile
89%
ZZimbabwe
85%
NNew Zealand
84%
SSouth Africa
83%
YYemen
81%
QQatar
79%
UUruguay
79%
BBrazil
76%
OOman
73%
VVanuatu
70%
IIndonesia
68%
PParaguay
66%
LLesotho
64%
FFiji
62%
TTonga
55%
KKiribati
54%
EEswatini
50%
MMozambique
50%
HHonduras
47%
JJamaica
43%
DD. R. Congo
41%
GGabon
35%
RRep. of the Congo
33%

Score Distribution

Percentile by Number Answered

Percent of People with Each Score

Your Score History

You have not taken this quiz since the last reset